| Tag |
First Indicator |
Second Indicator |
Subfields |
| LEADER |
00000pam a2200000 a 4500 |
| 001 |
in00000092714 |
| 005 |
20150923132201.0 |
| 008 |
810825s1982 mnu b 00110 eng |
| 010 |
|
|
|a 81014654
|
| 020 |
|
|
|a 0816609063 :
|c $25.00
|
| 020 |
|
|
|a 0816609098 (pbk.) :
|c $8.95
|
| 035 |
|
|
|a (OCoLC)07772731
|
| 035 |
|
|
|9 AAK7536AM
|
| 039 |
0 |
|
|a 2
|b 3
|c 3
|d 3
|e 3
|
| 040 |
|
|
|a DLC
|c DLC
|d TXA
|d UtOrBLW
|
| 041 |
1 |
|
|a eng
|a ger
|
| 043 |
|
|
|a ev-----
|
| 049 |
|
|
|a TXAM
|c [1482135]
|
| 050 |
0 |
0 |
|a PT7078
|b R6713 1982
|
| 082 |
0 |
|
|a 839/.5
|2 19
|
| 100 |
1 |
|
|a Rossel, Sven Hakon.
|
| 240 |
1 |
0 |
|a Skandinavische Literatur, 1870-1970.
|l English
|
| 245 |
1 |
2 |
|a A history of Scandinavian literature, 1870-1980 /
|c Sven H. Rossel ; translated by Anne C. Ulmer in association with the University of Minnesota Press.
|
| 264 |
|
1 |
|a Minneapolis :
|b The Press,
|c [1982]
|
| 264 |
|
4 |
|c ©1982
|
| 300 |
|
|
|a x, 492 pages ;
|c 24 cm.
|
| 336 |
|
|
|a text
|b txt
|2 rdacontent
|
| 337 |
|
|
|a unmediated
|b n
|2 rdamedia
|
| 338 |
|
|
|a volume
|b nc
|2 rdacarrier
|
| 490 |
1 |
|
|a The Nordic series ;
|v v. 5
|
| 500 |
|
|
|a Updated translation of: Skandinavische Literatur, 1870-1970.
|
| 500 |
|
|
|a Includes index.
|
| 504 |
|
|
|a Bibliography: pages 413-448.
|
| 650 |
|
0 |
|a Scandinavian literature
|y 20th century
|x History and criticism.
|
| 650 |
|
0 |
|a Scandinavian literature
|y 19th century
|x History and criticism.
|
| 830 |
|
0 |
|a Nordic series ;
|v v. 5.
|
| 999 |
|
|
|a MARS
|
| 999 |
f |
f |
|s b9078363-2c3a-3a65-b058-afafabe5fef3
|i 77e5bd73-14ff-3a38-9f98-594ed5e5db95
|t 0
|
| 952 |
f |
f |
|p normal
|a Texas A&M University
|b College Station
|c Sterling C. Evans Library
|d Evans: Library Stacks
|t 0
|e PT7078 R6713 1982
|h Library of Congress classification
|i unmediated -- volume
|m A14806006001
|
| 998 |
f |
f |
|a PT7078 R6713 1982
|t 0
|l Evans: Library Stacks
|